000 00719cam4a220021700 4500
001 qce00444566
005 20190823092300.0
008 720802r19641962nyu 000 0 eng d
010 _a 64013288
035 _a(Sirsi) r98833
035 _a(QCAT)lss00264015
035 _a(UPRA)qce00444566
040 _dUPRA
100 1 _aBruno, Giordano, 1548-1600.
_dBruno, Giordano, 1548-1600.
_6A57478.1
245 1 0 _aCause, principle, and unity :
_bfive dialogues /
_ctrans., with an introd., by Jack Lindsay.
250 _a[1st U.S. ed.].
260 _aNew York :
_bInternational Publishers,
_c[1964, c1962]
650 0 _aMetaphysics.
_6S3140.1
949 _aB783.D43
_wlcc
_i-140861
_mMAIN
_tBOOK
_lON-SHELF
004 98833
999 _c144488
_d144487